| 000 | 00332nam a2200133Ia 4500 | ||
|---|---|---|---|
| 005 | 20251222144626.0 | ||
| 008 | 251222s9999||||xx |||||||||||||| ||spa|| | ||
| 020 | _a978-84-9788-728-1 | ||
| 082 | _a025.842/S66 | ||
| 100 | _aSoler, Joan | ||
| 245 | 0 | _aLa Preservación de los Documentos Electrónicos | |
| 264 | _bUOC | ||
| 942 | _cLIB | ||
| 999 |
_c16127 _d16127 |
||